• 首页
  • 本馆介绍
  • 公告通知
  • 最新文献
  • 馆藏检索
  • 电子资源
  • 读者导购
  • 参考咨询
  • 我的图书馆
  • 登录
  • 详细信息显示
  • 放入我的书架
  • 预约/预借图书
  • 作者相关作品
  • 分类相关作品
  • 丛书相关作品
  • 出版社相关作品

书目信息

  • 表格格式
  • 工作单格式
  • 卡片格式
题名:
楷书通鉴
    
 
作者: 司惠国 , 张爱军 , 王玉孝 主编
分册:  
出版信息: 北京   蓝天出版社  2012.08
页数: 304页
开本: 29cm
丛书名: 中国书法艺术通鉴系列丛书
单 册:
中图分类: J292.113.3
科图分类:
主题词: 楷书--书法--中国 , 楷书 , 书法
电子资源:
ISBN: 978-7-5094-0780-6
000 00972oam2 2200301 450
001 010050017309
005 20140609111143.75
010    @a978-7-5094-0780-6@dCNY40.00
100    @a20121110d2012 em y0chiy50 ea
101 0  @achi
102    @aCN@b110000
105    @ay z 000yy
106    @ar
200 1  @a楷书通鉴@9kai shu tong jian@f司惠国,张爱军,王玉孝主编
210    @a北京@c蓝天出版社@d2012.08
215    @a304页@d29cm
225 2  @a中国书法艺术通鉴系列丛书
330    @a本书收录了宣示表;荐季直表;力命表;贺捷表;墓田丙舍帖;荐王逸少手札;东方朔画赞;曹娥碑等内容。
461  0 @12001 @a中国书法艺术通鉴系列丛书@1701 0@a司惠国@4主编
606 0  @a楷书@x书法@y中国
606 0  @a楷书
606 0  @a书法
690    @aJ292.113.3@v5
701  0 @a司惠国@9si hui guo@f(1959-)@4主编
701  0 @a张爱军@9zhang ai jun@f(1958-)@4主编
701  0 @a王玉孝@9wang yu xiao@4主编
801  0 @aCN@bRENTIAN@c20121110
905    @b548354-56@dJ292.113.3@e525@f3
    
    楷书通鉴/司惠国,张爱军,王玉孝主编.-北京:蓝天出版社,2012.08
    304页;29cm.-(中国书法艺术通鉴系列丛书)
    
    
    ISBN 978-7-5094-0780-6:CNY40.00
    本书收录了宣示表;荐季直表;力命表;贺捷表;墓田丙舍帖;荐王逸少手札;东方朔画赞;曹娥碑等内容。
●
相关链接 在E读中查询图书 在五车中查询图书 在当当中查询图书 在豆瓣中查询图书


正题名:楷书通鉴     索取号:J292.113.3/525         预约/预借

序号 登录号 条形码 馆藏地/架位号 状态 备注
1 548354   205483546   第一样本阅览室/ [索取号:J292.113.3/525] 在馆    
2 548355   205483555   第一借阅区/ [索取号:J292.113.3/525] 在馆    
3 548356   205483564   第一借阅区/ [索取号:J292.113.3/525] 在馆    
唐山师范学院图书馆 欢迎您!
大连网信软件有限公司© 版权所有